Chansons de Twice en français - Statistiques

Statistiques générales
  • Ce quiz a été pris 53 fois
  • Le résultat moyen est 14 sur 208
Statistiques - réponses
Réponses % Correct
Comme
70%
TT
58%
Comme ooh-ahh
45%
Oui ou oui
43%
Les sentiments
38%
Qu'est-ce que l'amour ?
38%
Scientifique
38%
Je ne peux pas m'arrêter
35%
Plus et plus
33%
Pop!
33%
Signal
33%
Toc-toc
33%
Sans alcool
28%
Libère-moi
25%
Pleure pour moi
25%
Se sentir spécial
23%
Regarde moi
20%
Reine
20%
Une étincelle
20%
ABCD
15%
A.M.O.U.R
15%
Bonjour
15%
Fais-le encore
15%
Monde parfait
15%
Bonbon
13%
Clair de lune
13%
Encourager
13%
Espresso
13%
Nouveau nouveau
13%
Ombre
13%
SOS
13%
1,3,2
10%
1 à 10
10%
21:29
10%
Conversation
10%
Enfer au paradis
10%
Ne touche pas
10%
Première fois
10%
Quand nous étions enfants
10%
Reine des cœurs
10%
Scandale
10%
Secoueur de cœur
10%
Vérité
10%
Aller dur
8%
Amour précieux
8%
Après lune
8%
Arc-en-ciel
8%
Basiques
8%
Beignet
8%
Cactus
8%
Célébrer
8%
Derrière le masque
8%
Dis quelque chose
8%
Encore une fois
8%
Feu d'artifice
8%
Fleurir
8%
Icône
8%
Joyeux anniversaire à toi
8%
Meilleur
8%
Mur de fleurs
8%
Oxygène
8%
Parti
8%
Pas de problème
8%
Plus près
8%
Queue de cheval
8%
Tortue
8%
Tuk tok
8%
24/7
5%
Aime moi
5%
Amour fou stupide
5%
Bébé bleu amour
5%
Cauchemar
5%
Château de sable
5%
Clair de lune lever de soleil
5%
Courageux
5%
Crème glacée
5%
Cruel
5%
Danser jusqu'au bout de la nuit
5%
Dernière valse
5%
Derrière le rideau
5%
Devenir fou
5%
Ding dong
5%
Dis oui
5%
Faux et vrai
5%
Filles comme nous
5%
Fraise
5%
Gelée gelée
5%
HalliGalli
5%
HO!
5%
Je te tiens
5%
Joyeux joyeux
5%
Lalala
5%
Magique
5%
Marshmallow
5%
Ne me rappelle plus
5%
Paradis
5%
Pièce
5%
Problème
5%
Quelqu'un comme moi
5%
Réveille-moi
5%
Ruée
5%
Touchdown
5%
Tout ou rien
5%
Trois fois par jour
5%
Tu me manques
5%
Un sur un million
5%
Vrai toi
5%
Woohoo
5%
Attrape une vague
3%
Barbe à papa
3%
BDZ
3%
Beau temps beau temps
3%
Bloqué
3%
Bloqué dans ma tête
3%
Bon en amour
3%
C'est tout ce que je dis
3%
Chaud
3%
Comme un fou
3%
Compte à rebours de l'amour
3%
Coucher de soleil
3%
Croyant
3%
Danse encore
3%
Dépendre de toi
3%
Faire du bruit
3%
Fanfare
3%
Ffw
3%
Jeune et sauvage
3%
Jour merveilleux
3%
La meilleure chose que j'ai jamais faite
3%
Ligne d'amour
3%
Me faire partir
3%
Merci, famille
3%
Mon casque allumé
3%
N'abandonne pas
3%
Œil Œil yeux
3%
Page suivante
3%
Papillons
3%
Pousse et tire
3%
Quelque chose
3%
Rembobinage
3%
Reste à mes côtés
3%
Rouler
3%
Scorpion
3%
Seulement toi
3%
Sois ok
3%
Te rembobiner
3%
Toi dans mon cœur
3%
Tomber amoureux encore
3%
Trèfle à quatre feuilles
3%
Tu me tues bien
3%
Wow
3%
Augmenter l'intensité
0%
Balançoire
0%
Beau parleur
0%
Bonne nuit bonne nuit
0%
Bouquet
0%
Ce n'est pas facile pour toi
0%
Changeant!
0%
Chronomètre des tirs
0%
Comment tu vas
0%
Coulent comme des vagues
0%
Déjà-vu
0%
Dis-le encore
0%
Dis que tu m'aimes
0%
Douce journée d'été
0%
Doux amer
0%
En été
0%
Étourdi étourdi
0%
Faire ce qu'on aime
0%
Fraise lune
0%
Garçon de bonbon
0%
J'ai eu des sensations fortes
0%
Je ne veux pas retourner
0%
J'en parle
0%
Je t'aime
0%
Je te souhaite
0%
Je veux que tu reviennes
0%
Joyeux et heureux
0%
Juste sois toi-même
0%
L'amour fou
0%
La raison pour laquelle
0%
Le compter
0%
Le ramener
0%
Les voix de l'enchantement
0%
Le tromper
0%
Limonade rose
0%
Marrante Valentine
0%
Me le reprocher
0%
Morceaux d'amour
0%
Ne faire qu'un
0%
Ne plus s'élever
0%
Parlez-en
0%
Percée
0%
Plus fort
0%
Polir
0%
Promesse
0%
Qu'est-ce que tu attends pour
0%
Se détendre
0%
Souhaitant
0%
Sucre d'orge
0%
Tapoter
0%
Tic-Tac
0%
Tiens le
0%
Tiens moi bien
0%
Tir à travers le cœur
0%
Tu me comprends
0%
Une toute nouvelle fille
0%
Aucun quiz correspondant
Distribution des résultats
% des personnes avec chaque résultat
Percentile par nombre de réponses
Votre historique - résultats
Vous n’avez pas pris ce quiz